[Event "Barra de Sao Miguel op"]
[Site "Barra de Sao Miguel"]
[Date "2019.10.12"]
[Round "4"]
[White "Lessa, Stanley De Oliveira"]
[Black "Dos Santos, Ronaldy De Almeida"]
[Result "1-0"]
[WhiteElo "1833"]
[BlackElo "1800"]
[PlyCount "31"]
[EventDate "2019.10.10"]
[EventType "swiss"]
[EventRounds "7"]
[EventCountry "BRA"]
[SourceTitle "CBM 192 Extra"]
[Source "Chessbase"]
[SourceDate "2019.11.06"]
[SourceVersion "1"]
[SourceVersionDate "2019.11.06"]
[SourceQuality "1"]

1. e4 e5 2. Nf3 d6 3. Bc4 Be6 4. Bxe6 fxe6 5. 0-0 Nf6 6. Nc3 Be7 7. Re1 0-0 8. d4 Nc6 9. dxe5 dxe5 10. Ng5 Ng4 11. Qxg4 Bxg5 12. Bxg5 Ne7 13. Qxe6+ Rf7 14. Nd5 Nxd5 15. Bxd8 Rxd8 16. exd5 1-0